Lược sử Nghệ thuật Khmer Tập 4
Shranjeno v:
| Format: | Knjiga |
|---|---|
| Jezik: | Undetermined |
| Izdano: |
H.
|
| Oznake: |
Označite
Brez oznak, prvi označite!
|
| Thư viện lưu trữ: | Trung tâm Học liệu Trường Đại học Cần Thơ |
|---|
| LEADER | 00348nam a2200121Ia 4500 | ||
|---|---|---|---|
| 001 | CTU_151701 | ||
| 008 | 210402s9999 xx 000 0 und d | ||
| 020 | |c 17500 | ||
| 082 | |a 790.0899593 | ||
| 082 | |b L557/T.4 | ||
| 245 | 0 | |a Lược sử Nghệ thuật Khmer Tập 4 | |
| 260 | |a H. | ||
| 980 | |a Trung tâm Học liệu Trường Đại học Cần Thơ | ||